000 00513nam a2200157 i 4500
001 97740
003 ES-MaACL
005 20230906182143.0
007 t|
008 050718s1961 sp ||||1| spa d
100 1 _aMarín, Hilario.
_976740
245 1 3 _aEl Sagrado Corazón de Jesús
_b: documentos pontifícios /
_cedición bilingüe preparada por Hilario Marín, S.J.
260 _aBilbao :
_bEl Mensajero del Corazón de Jesús,
_c1961.
300 _a819 p. ;
_c26 cm.
852 _aES-MaACL
_jC-20898
_bR.48470
999 _c97740
_d97740